Fiat müşahede teşkilatı (Record no. 3795)
[ view plain ]
| 000 -BAŞLIK | |
|---|---|
| Sabit Uzunlukta Kontrol Alanı | 00791na a2200253 4500 |
| 001 - KONTROL NUMARASI | |
| Denetim Alanı | 20508 |
| 003 - KONTROL NUMARASI IDENTIFIER | |
| Denetim Alanı | MIRAKIL |
| 005 - SON İŞLEM TARİHİ VE ZAMANI | |
| Denetim Alanı | 20181213154943.0 |
| 008 - SABİT-BOY VERİ ELEMANLARI - GENEL BİLGİLER | |
| Sabit Uzunlukta Kontrol Alanı | 170123b tu 000 0 |
| 040 ## - KATALOGLAMA KAYNAK | |
| Orijinal Kataloglama Ajansı | Milas |
| Kataloglama Dili | tur |
| Metne Dönüştürmek Ajansı | TR-AnCHP |
| 041 ## - DİL KODU | |
| Metin / Ses Parça Veya Ayrı Başlığın Dil Kodu | tur |
| 082 ## - DEWEY ONLU SINIFLANDIRMA NUMARASI | |
| Sınıflandırma Numarası | 332 |
| Ürün Numarası | H81f 1939 |
| 090 ## - SINIFLAMA NUMARASI | |
| Sınıflama Numarası | 332 H81f 1939 |
| 100 ## - ANA GİRİŞ - KİŞİSEL İSİM | |
| Kişisel Ad | Huber, Michel |
| 245 ## - BAŞLIK TABLOSU | |
| Başlık | Fiat müşahede teşkilatı |
| Sorumluluk Tablosu, Vb | Michel Huber; çeviren Şefik İnan |
| 260 ## - YAYIN, DAĞITIM, VB | |
| Yayın, Dağıtım, Vb Yeri | Ankara |
| Yayıncı, Dağıtıcı, Vs Adı | Başvekalet İstatistik Umum Müdürlüğü |
| Yayın, Dağıtım, Vb Tarihi | 1939 |
| Üretici Firma | Yeni Cezaevi Matbaası |
| 300 ## - FİZİKSEL TANIM | |
| Kapsam | 48 s. |
| Boyutlar | 23 sm. |
| 440 ## - SERİSİ TABLOSU / KATMA GİRİŞİ - BAŞLIK | |
| Başlık | Başvekalet istatistik Umum Müdürlüğü |
| 490 ## - SERİSİ TABLOSU | |
| Seri Beyanı | Neşriyat tetkikler Serisi |
| Hacim / Ardışık Tanımı | 146/76 |
| 650 ## - KONU KATMA GİRİŞ - TOPİKAL DÖNEM | |
| Topikal Süreli Veya Coğrafi Ad Giriş Elemanı | Ekonomi |
| Genel Alt Bölümü | Fiyatlar |
| Kronolojik Alt Bölümü | Enflasyon |
| 650 ## - KONU KATMA GİRİŞ - TOPİKAL DÖNEM | |
| Topikal Süreli Veya Coğrafi Ad Giriş Elemanı | Finans ekonomisi |
| Genel Alt Bölümü | Fiyat endeskleri |
| 700 ## - KATMA GİRİŞ - KİŞİSEL İSİM | |
| Kişisel Ad | İnan, Şefik |
| 942 ## - EKLENDİ GİRİŞ ELEMANLARI (KOHA) | |
| Sınıflandırma Veya Raf Düzeni Kaynak | Dewey Decimal Classification |
| Koha Öğesi Türü | Books |
| 999 ## - SİSTEM KONTROL NUMARALARI (KOHA) | |
| Koha Biblionumber | 3795 |
| Koha Biblioitemnumber | 3795 |
| Kalıcı Konum | Mevcut Konum | Edinme Tarihi | Edinim Kaynak | Toplam Check-Out'Lar | Tam Çağrı Numarası | Barkod | Tarih Son Görülme | İtibaren Geçerli Fiyatlar | Koha Öğesi Türü |
|---|---|---|---|---|---|---|---|---|---|
| CHP Kütüphanesi | CHP Kütüphanesi | 01/23/2017 | Bağış | 332 H81f 1939 | 012588 | 01/23/2017 | 01/23/2017 | Books |
